Gaming Quiz

Random Gaming or Pokémon Quiz

Pokemon Type Combinations Quiz Stats

 Plays Quiz not verified by Sporcle

Score 0/82 Timer 15:00
0 Plays Today
Primary Type Pokemon % Correct
Primary Type: NormalPidgey family, Spearow family, Farfetch'd, Doduo family, Hoothoot family, Togepi family (minus Togepi), Taillow family, Swablu, Starly family, Chatot
97.9%
Primary Type: FireCharizard, Moltres, Ho-Oh
93.3%
Primary Type: FireTorchic family (minus Torchic), Chimchar family (minus Chimchar)
86.1%
Primary Type: WaterDewgong, Cloyster, Lapras
84.8%
Primary Type: GrassBulbasaur family, Oddish family, Bellsprout family, Roselia family
82.5%
Primary Type: WaterChinchou family
81.3%
Primary Type: WaterTentacool family, Qwilfish
81%
Primary Type: WaterGyarados, Mantine family, Wingull family
80.6%
Primary Type: FireMagcargo
80.2%
Primary Type: FightingMeditite family
80.1%
Primary Type: FightingLucario
79%
Primary Type: WaterPoliwrath
79%
Primary Type: ElectricZapdos
78.3%
Primary Type: NormalGirafarig
77.8%
Primary Type: WaterWooper family, Mudkip family (minus Mudkip), Barboach family, Gastrodon
77.6%
Primary Type: WaterLotad family
76.7%
Primary Type: WaterSlowpoke family, Starmie
76.5%
Primary Type: WaterKingdra, Palkia
76.4%
Primary Type: ElectricMagnemite family
76%
Primary Type: GrassHoppip family, Tropius, Shaymin (Sky Forme)
75.1%
Primary Type: FireHeatran
75%
Primary Type: NormalBibarel
72.8%
Primary Type: RockGeodude family, Onix, Larvitar family (minus Tyranitar)
72.7%
Primary Type: ElectricRotom
72.5%
Primary Type: FireNumel family
72.1%
Primary Type: PoisonZubat family
70.9%
Primary Type: GrassSnover family
70.7%
Primary Type: IceArticuno, Delibird
70.5%
Primary Type Pokemon % Correct
Primary Type: DragonDragonite, Altaria, Salamence, Rayquaza
70.5%
Primary Type: BugButterfree, Scyther, Ledyba family, Yanma family, Beautifly, Masquerain, Ninjask, Mothim, Combee family
69.8%
Primary Type: BugWeedle family, Venonat family, Spinarak family, Dustox
69.3%
Primary Type: GhostGastly family
69.1%
Primary Type: WaterCarvanha family, Crawdaunt
68.1%
Primary Type: GrassSeedot family (minus Seedot), Cacturne
68.1%
Primary Type: GrassBreloom
67.7%
Primary Type: IceJynx family
67.2%
Primary Type: GrassExeggcute family
66.1%
Primary Type: PsychicNatu family, Lugia
66%
Primary Type: RockAerodactyl
66%
Primary Type: WaterCorsola, Relicanth
65.4%
Primary Type: BugForretress, Scizor, Wormadam (Trash Cloak)
64.4%
Primary Type: SteelSkarmory
63.7%
Primary Type: RockOmanyte family, Kabuto family
63.5%
Primary Type: DarkHoundour family
63.5%
Primary Type: PoisonCroagunk family
63.3%
Primary Type: BugParas family, Wormadam (Plant Cloak)
63.1%
Primary Type: DarkMurkrow family
62.6%
Primary Type: PoisonNidoqueen, Nidoking
62.4%
Primary Type: GroundTrapinch family (minus Trapinch)
62.4%
Primary Type: IceSwinub family
62.3%
Primary Type: IceFroslass
62.3%
Primary Type: GroundGligar family
62.1%
Primary Type: WaterEmpoleon
61.6%
Primary Type: PoisonStunky family, Drapion
61.2%
Primary Type: GhostGiratina
60.7%
Primary Type: GrassTorterra
60.3%
Primary Type Pokemon % Correct
Primary Type: DarkSableye
60%
Primary Type: SteelSteelix
59.8%
Primary Type: BugHeracross
59.6%
Primary Type: BugSurskit
59.6%
Primary Type: DarkSneasel family
59.4%
Primary Type: BugShedinja
59.1%
Primary Type: GroundRhyhorn family
58.2%
Primary Type: SteelDialga
56.6%
Primary Type: GhostSpiritomb
56.4%
Primary Type: SteelBeldum family, Jirachi, Bronzor family
56.4%
Primary Type: DragonGible family
56.1%
Primary Type: RockTyranitar
55.7%
Primary Type: DragonLatias, Latios
54.5%
Primary Type: RockLileep family
53.4%
Primary Type: GhostDrifloon family
53.3%
Primary Type: GroundBaltoy family
52.7%
Primary Type: IceSpheal family
52.2%
Primary Type: BugNincada, Wormadam (Sand Cloak)
51.1%
Primary Type: PsychicCelebi
50.3%
Primary Type: RockLunatone, Solrock
48.7%
Primary Type: SteelAron family
48.7%
Primary Type: PsychicGallade
48%
Primary Type: RockAnorith family
47.6%
Primary Type: RockShieldon family, Probopass
45.5%
Primary Type: PoisonSkorupi
43.9%
Primary Type: BugShuckle
43.2%

You're not logged in!

Compare scores with friends on all Sporcle quizzes.
OR
Log In

Show Comments

Extras

Top Quizzes Today


Score Distribution

Your Account Isn't Verified!

In order to create a playlist on Sporcle, you need to verify the email address you used during registration. Go to your Sporcle Settings to finish the process.

Report this User

Report this user for behavior that violates our Community Guidelines.

Details: